[Event "Poznan op 25th"]
[Site "Poznan"]
[Date "2017.08.27"]
[Round "9"]
[White "Koitka, Jakub"]
[Black "Niekras, Dawid"]
[Result "1/2-1/2"]
[WhiteElo "2144"]
[BlackElo "2277"]
[PlyCount "31"]
[EventDate "2017.08.20"]
[EventType "swiss"]
[EventRounds "9"]
[EventCountry "POL"]
[SourceTitle "CBM 180 Extra"]
[Source "ChessBase"]
[SourceDate "2017.10.06"]
[SourceVersion "1"]
[SourceVersionDate "2017.10.06"]
[SourceQuality "1"]

1. d4 Nf6 2. Nf3 g6 3. g3 Bg7 4. Bg2 0-0 5. 0-0 c5 6. d5 d6 7. Nc3 e6 8. dxe6 fxe6 9. e4 Nc6 10. e5 dxe5 11. Qxd8 Rxd8 12. Bg5 h6 13. Bxf6 Bxf6 14. Ne4 Be7 15. Rfd1 Bd7 16. c3 1/2-1/2

[Event "POL-chT U19 46th"]
[Site "Ustron"]
[Date "2015.07.27"]
[Round "3.25"]
[White "Wisniewski, Michal"]
[Black "Koitka, Jakub"]
[Result "1/2-1/2"]
[WhiteElo "2140"]
[BlackElo "2072"]
[PlyCount "190"]
[EventDate "2015.07.25"]
[EventType "team-tourn"]
[EventRounds "9"]
[EventCountry "POL"]
[SourceTitle "EXT 2018"]
[Source "ChessBase"]
[SourceDate "2017.10.13"]
[SourceVersion "1"]
[SourceVersionDate "2017.10.13"]
[SourceQuality "1"]
[WhiteTeam "Opole Rodlo U19"]
[BlackTeam "Gorzow Wielkopolski Stilon U19"]
[WhiteTeamCountry "POL"]
[BlackTeamCountry "POL"]

1. e4 c5 2. Nf3 Nc6 3. Bb5 g6 4. Bxc6 bxc6 5. 0-0 Bg7 6. Re1 d6 7. e5 Bg4 8. exd6 Qxd6 9. h3 Be6 10. Qe2 Nf6 11. d3 0-0 12. Ng5 Bd5 13. c4 h6 14. cxd5 hxg5 15. dxc6 Nd5 16. Bxg5 Rab8 17. Nc3 Qxc6 18. Rac1 e6 19. Be3 Nxe3 20. fxe3 Rfd8 21. b3 Rbc8 22. Ne4 Qd5 23. Rcd1 a5 24. Qc2 f5 25. Ng5 Rb8 26. Qc4 Rb4 27. Qxd5 exd5 28. Ne6 Re8 29. Nxg7 Kxg7 30. Rc1 d4 31. Kf2 a4 32. exd4 Rxe1 33. Kxe1 axb3 34. axb3 cxd4 35. Rb1 Kf6 36. Kd2 Ke5 37. g3 Kd5 38. Kc2 Rb8 39. b4 Rc8+ 40. Kd2 Rc6 41. Ra1 Rb6 42. Ra5+ Kd6 43. Kc2 Rxb4 44. Ra6+ Ke5 45. Rxg6 Ra4 46. h4 Ra2+ 47. Kd1 Rh2 48. Ke1 f4 49. Rg5+ Ke6 50. gxf4 Rxh4 51. Re5+ Kf6 52. Re4 Kf5 53. Rxd4 Rxf4 54. Rd8 Ra4 55. Ke2 Ke5 56. Ke3 Rh4 57. d4+ Ke6 58. Rg8 Kd5 59. Rg5+ Ke6 60. Kd3 Rh6 61. Ra5 Kd7 62. Ra7+ Kd8 63. Kc4 Rg6 64. Kc5 Rh6 65. Rg7 Rf6 66. Kd5 Ra6 67. Ke5 Rh6 68. Rf7 Ra6 69. Rb7 Rh6 70. Rb1 Ra6 71. Rb5 Rh6 72. Rc5 Kd7 73. Rc1 Rh5+ 74. Ke4 Rh4+ 75. Kd5 Rh6 76. Ra1 Rh5+ 77. Kc4 Rh6 78. Ra7+ Kd8 79. Kc5 Rg6 80. d5 Rh6 81. Rg7 Rf6 82. Rg3 Rh6 83. Re3 Kd7 84. Rb3 Rg6 85. Rb7+ Kd8 86. Rb6 Rxb6 87. Kxb6 Kd7 88. Kc5 Kc7 89. d6+ Kd7 90. Kd5 Kd8 91. Kd4 Kd7 92. Kc5 Kd8 93. Kc4 Kd7 94. Kd5 Kd8 95. Ke6 Ke8 1/2-1/2

[Event "POL-chT U19 46th"]
[Site "Ustron"]
[Date "2015.07.25"]
[Round "1.19"]
[White "Koziol, Kamil"]
[Black "Koitka, Jakub"]
[Result "1/2-1/2"]
[WhiteElo "2132"]
[BlackElo "2072"]
[PlyCount "63"]
[EventDate "2015.07.25"]
[EventType "team-tourn"]
[EventRounds "9"]
[EventCountry "POL"]
[SourceTitle "EXT 2018"]
[Source "ChessBase"]
[SourceDate "2017.10.13"]
[SourceVersion "1"]
[SourceVersionDate "2017.10.13"]
[SourceQuality "1"]
[WhiteTeam "Rybnik MKSz U19"]
[BlackTeam "Gorzow Wielkopolski Stilon U19"]
[WhiteTeamCountry "POL"]
[BlackTeamCountry "POL"]

1. e4 e5 2. Nf3 Nc6 3. Bb5 a6 4. Ba4 Nf6 5. 0-0 Be7 6. Re1 b5 7. Bb3 d6 8. c3 0-0 9. h3 Na5 10. Bc2 c5 11. d4 Qc7 12. Nbd2 cxd4 13. cxd4 Nc6 14. d5 Nb4 15. Bb1 a5 16. Nf1 Bd7 17. a3 Na6 18. Be3 Rfc8 19. N1d2 Bd8 20. Qe2 Qb7 21. Nh2 Nc5 22. g4 Na4 23. Nb3 b4 24. Bd3 Bb6 25. Nf1 Bxe3 26. Nxe3 bxa3 27. Rxa3 Qb4 28. Nc2 Qb6 29. Ne3 Qb4 30. Nc2 Qb6 31. Ne3 Qb4 32. Nc2 1/2-1/2

[Event "POL-chT U19 2nd League"]
[Site "Szczyrk"]
[Date "2014.07.31"]
[Round "9.91"]
[White "Koitka, Jakub"]
[Black "Nun, Grzegorz"]
[Result "1-0"]
[WhiteElo "1994"]
[BlackElo "1907"]
[PlyCount "125"]
[EventDate "2014.07.25"]
[EventType "team-swiss"]
[EventRounds "11"]
[EventCountry "POL"]
[SourceTitle "EXT 2015"]
[Source "ChessBase"]
[SourceDate "2014.11.20"]
[SourceVersion "1"]
[SourceVersionDate "2014.11.20"]
[SourceQuality "1"]
[WhiteTeam "Gorzow Wielkopolski Stilon U19 II"]
[BlackTeam "Kozuchow Odrodzenie U19"]
[WhiteTeamCountry "POL"]
[BlackTeamCountry "POL"]

1. d4 d5 2. c4 e6 3. Nf3 Nf6 4. Bg5 Be7 5. e3 0-0 6. Nc3 h6 7. Bf4 a6 8. cxd5 exd5 9. Bd3 c5 10. 0-0 Nc6 11. Rc1 cxd4 12. Nxd4 Nxd4 13. exd4 Bd6 14. Bxd6 Qxd6 15. Qb3 b5 16. a3 Be6 17. Qb4 Qb8 18. Ne2 Rc8 19. Rxc8+ Qxc8 20. Rc1 Qd7 21. Rc5 Bf5 22. Qd2 Bxd3 23. Qxd3 Re8 24. f3 Qe6 25. Rc2 Rc8 26. Rxc8+ Qxc8 27. Qc3 Qc4 28. Kf2 Qa2 29. Nc1 Qb1 30. Nd3 Kh7 31. Ne5 Qf5 32. Qd3 Qxd3 33. Nxd3 Ne8 34. Ke2 Kg6 35. Nf4+ Kf5 36. Nxd5 Ke6 37. Nc3 f5 38. Kd3 g5 39. Nd1 Nc7 40. Ne3 h5 41. g3 a5 42. Nd1 g4 43. fxg4 hxg4 44. Nc3 Kd6 45. a4 bxa4 46. Nxa4 Ne6 47. Nb6 Ng5 48. Nc4+ Kd5 49. Ne3+ Ke6 50. Kc4 Nf3 51. d5+ Kd7 52. Nxf5 Nxh2 53. Kb5 Nf1 54. Kxa5 Nd2 55. Kb5 Ne4 56. b4 Kc7 57. Kc4 Kb6 58. Kd4 Nd2 59. d6 Kc6 60. b5+ Kd7 61. Kd5 Nb1 62. b6 Nc3+ 63. Kc5 1-0

[Event "POL-chT U19 2nd League"]
[Site "Szczyrk"]
[Date "2014.07.28"]
[Round "5.61"]
[White "Koitka, Jakub"]
[Black "Lapaj, Mateusz"]
[Result "1/2-1/2"]
[WhiteElo "1994"]
[BlackElo "2135"]
[PlyCount "134"]
[EventDate "2014.07.25"]
[EventType "team-swiss"]
[EventRounds "11"]
[EventCountry "POL"]
[SourceTitle "EXT 2015"]
[Source "ChessBase"]
[SourceDate "2014.11.20"]
[SourceVersion "1"]
[SourceVersionDate "2014.11.20"]
[SourceQuality "1"]
[WhiteTeam "Gorzow Wielkopolski Stilon U19 II"]
[BlackTeam "Jaworzno JKSz MCKiS U19"]
[WhiteTeamCountry "POL"]
[BlackTeamCountry "POL"]

1. d4 Nf6 2. c4 g6 3. Nc3 Bg7 4. e4 d6 5. f3 0-0 6. Be3 e5 7. d5 c6 8. Qd2 cxd5 9. cxd5 a6 10. a4 Nbd7 11. Bd3 Qa5 12. Nge2 Nc5 13. Bc2 b5 14. b4 Qxb4 15. axb5 Bd7 16. Rb1 Qc4 17. b6 Rfb8 18. 0-0 a5 19. Nc1 Qa6 20. Nd3 Rxb6 21. Nxc5 dxc5 22. Bd3 Qb7 23. Bxc5 Rxb1 24. Rxb1 Qc7 25. Bb6 Qc8 26. Nb5 Nh5 27. Nc7 Rb8 28. Qxa5 Nf4 29. Bf1 Bf8 30. g3 Nh3+ 31. Kg2 Ng5 32. h4 Bh3+ 33. Kf2 Bxf1 34. Rxf1 Qh3 35. hxg5 Qh2+ 36. Ke3 Qb2 37. Qb5 Bc5+ 38. Qxc5 Rxb6 39. Rd1 Rb3+ 40. Rd3 Qb1 41. Rxb3 Qg1+ 42. Kd3 Qxc5 43. Rc3 Qf2 44. Kc4 Qd4+ 45. Kb3 Qd1+ 46. Kb4 Qd4+ 47. Rc4 Qd2+ 48. Kc5 Kf8 49. d6 Qd3 50. Rb4 Qc3+ 51. Kb5 Qd3+ 52. Kc5 Qc3+ 53. Rc4 Qd3 54. Nb5 Ke8 55. Rc3 Qd1 56. Kc6 Kd8 57. Rc5 Qxf3 58. Rxe5 Qe2 59. Nc7 Qc4+ 60. Rc5 Qxe4+ 61. Nd5 Qe2 62. Nf6 Qa6+ 63. Kd5 Qd3+ 64. Ke5 Qxg3+ 65. Ke4 Qg2+ 66. Kd4 Qd2+ 67. Kc4 Qa2+ 1/2-1/2

[Event "Olsztyn op U18 blitz"]
[Site "Olsztyn"]
[Date "2013.08.03"]
[Round "10"]
[White "Koitka, Jakub"]
[Black "Eggink, Ryszard"]
[Result "0-1"]
[WhiteElo "2162"]
[BlackElo "2122"]
[PlyCount "86"]
[EventDate "2013.08.03"]
[EventType "swiss (blitz)"]
[EventRounds "22"]
[EventCountry "POL"]
[SourceTitle "CBM 155 Extra"]
[Source "ChessBase"]
[SourceDate "2013.08.26"]
[SourceVersion "1"]
[SourceVersionDate "2013.08.26"]
[SourceQuality "1"]

1. c4 e5 2. Nc3 d6 3. g3 f5 4. Bg2 Nf6 5. d3 c6 6. e3 Be7 7. Nge2 0-0 8. 0-0 Be6 9. Rb1 a5 10. a3 Nbd7 11. b4 axb4 12. axb4 d5 13. cxd5 cxd5 14. d4 e4 15. Qb3 Nb6 16. Nd1 Qd7 17. Nb2 Rfc8 18. Bd2 Nc4 19. Nxc4 dxc4 20. Qb2 Nd5 21. Bc3 b5 22. Ra1 Qd6 23. Nf4 Nxc3 24. Qxc3 Bf7 25. f3 exf3 26. Bxf3 Rxa1 27. Rxa1 Qxb4 28. Qxb4 Bxb4 29. Nd5 Bd6 30. Ra6 Bf8 31. Nb6 Rc7 32. Nd5 Rc8 33. Nb6 Rb8 34. Nd7 Rd8 35. Ne5 b4 36. Be2 Rc8 37. Ra7 Bd5 38. Rd7 Be6 39. Rb7 c3 40. Nd3 c2 41. Nc1 b3 42. Ba6 Ba3 43. Re7 Bxe7 0-1

[Event "POL-chT U19 44th"]
[Site "Karpacz"]
[Date "2013.07.26"]
[Round "5"]
[White "Drop, Szymon"]
[Black "Koitka, Jakub"]
[Result "0-1"]
[WhiteElo "1811"]
[BlackElo "1963"]
[PlyCount "80"]
[EventDate "2013.07.22"]
[EventType "team-tourn"]
[EventRounds "9"]
[EventCountry "POL"]
[SourceTitle "EXT 2014"]
[Source "ChessBase"]
[SourceDate "2013.11.20"]
[SourceVersion "1"]
[SourceVersionDate "2013.11.20"]
[SourceQuality "1"]
[WhiteTeam "Chrzanow UKS SP 8 U19"]
[BlackTeam "Gorzow Wielkopolski Stilon U19"]
[WhiteTeamCountry "POL"]
[BlackTeamCountry "POL"]

1. e4 c5 2. Nf3 Nc6 3. d4 cxd4 4. Nxd4 Nf6 5. Nc3 d6 6. Be2 g6 7. 0-0 Bg7 8. Nb3 0-0 9. Bg5 Be6 10. f4 Na5 11. Nxa5 Qxa5 12. Kh1 Rac8 13. Bf3 h6 14. Bh4 g5 15. Bg3 g4 16. Be2 Rxc3 17. bxc3 Nxe4 18. f5 Nxg3+ 19. hxg3 Bxf5 20. Rb1 Be4 21. Bxg4 Qxc3 22. Bf5 Qxg3 23. Bxe4 Qh4+ 24. Kg1 Qxe4 25. Qh5 b6 26. Rbe1 Qd4+ 27. Kh1 e6 28. Rf3 Qc5 29. Qh3 Qxc2 30. Rg3 Qf2 31. Re4 Rc8 32. Kh2 Rc1 33. Rf3 Qg1+ 34. Kg3 Rc5 35. Rg4 Rg5 36. Rxg5 hxg5 37. Kg4 Qd4+ 38. Kh5 Qe4 39. Ra3 Qg6+ 40. Kg4 Qf5+ 0-1

[Event "POL-chT U19 44th"]
[Site "Karpacz"]
[Date "2013.07.24"]
[Round "3"]
[White "Popiol, Michal"]
[Black "Koitka, Jakub"]
[Result "1/2-1/2"]
[WhiteElo "1865"]
[BlackElo "1963"]
[PlyCount "81"]
[EventDate "2013.07.22"]
[EventType "team-tourn"]
[EventRounds "9"]
[EventCountry "POL"]
[SourceTitle "EXT 2014"]
[Source "ChessBase"]
[SourceDate "2013.11.20"]
[SourceVersion "1"]
[SourceVersionDate "2013.11.20"]
[SourceQuality "1"]
[WhiteTeam "Trzebinia UKS Hetman Koronny U19"]
[BlackTeam "Gorzow Wielkopolski Stilon U19"]
[WhiteTeamCountry "POL"]
[BlackTeamCountry "POL"]

1. d4 Nf6 2. c4 e6 3. Nc3 Bb4 4. e3 0-0 5. Bd3 Bxc3+ 6. bxc3 d6 7. Ne2 e5 8. f3 Nbd7 9. 0-0 Re8 10. Ng3 Nf8 11. Qc2 b6 12. Bf5 Ba6 13. Qa4 Bb7 14. e4 h5 15. Ne2 Bc8 16. Bxc8 Qxc8 17. Be3 Ne6 18. Qb5 Qd7 19. Rfd1 c6 20. Qb3 Qc7 21. a4 c5 22. Qa2 a5 23. Qc2 Rac8 24. Rac1 Nf8 25. Ng3 Ne6 26. d5 Nf8 27. Bg5 N8h7 28. Bxf6 Nxf6 29. Qd2 g6 30. Rb1 Qd8 31. Rb5 Nd7 32. Rdb1 Qf6 33. Ne2 Kg7 34. Qe3 Qe7 35. Rf1 f6 36. Rbb1 Qf8 37. f4 Qh8 38. Qh3 Rcd8 39. Rf3 Qh6 40. Rbf1 Re7 41. f5 1/2-1/2

[Event "Miedzyzdroje op 3rd"]
[Site "Miedzyzdroje"]
[Date "2013.04.28"]
[Round "2"]
[White "Koitka, Jakub"]
[Black "Strzemiecki, Zbigniew"]
[Result "0-1"]
[WhiteElo "2014"]
[BlackElo "2446"]
[PlyCount "98"]
[EventDate "2013.04.27"]
[EventType "swiss"]
[EventRounds "9"]
[EventCountry "POL"]
[SourceTitle "CBM 154 Extra"]
[Source "ChessBase"]
[SourceDate "2013.06.25"]
[SourceVersion "2"]
[SourceVersionDate "2013.06.25"]
[SourceQuality "1"]

1. c4 e5 2. Nc3 Nf6 3. g3 Bb4 4. Bg2 0-0 5. Nf3 Bxc3 6. bxc3 d6 7. 0-0 Nc6 8. d3 Be6 9. Ng5 Bd7 10. f4 h6 11. Nf3 e4 12. Nd4 Nxd4 13. cxd4 Re8 14. Bb2 c6 15. h3 d5 16. Qc2 exd3 17. exd3 Qe7 18. Kh2 Bf5 19. g4 Qe2 20. Qxe2 Rxe2 21. gxf5 Rxb2 22. Rfb1 Rd2 23. Rd1 Re2 24. Kg1 Rae8 25. Bf3 Rc2 26. Rdc1 Rxc1+ 27. Rxc1 Re3 28. Kf2 Rxd3 29. cxd5 cxd5 30. Rd1 Ra3 31. Rd2 b6 32. Kg2 Kf8 33. Bd1 Rc3 34. Rc2 Rxc2+ 35. Bxc2 Ke7 36. Kf3 Ne8 37. Bb3 Nc7 38. Ke3 Kd6 39. Ba4 b5 40. Bc2 a5 41. f6 g6 42. f5 gxf5 43. Bxf5 Ne8 44. Bd3 b4 45. Kf4 Nxf6 46. Kf5 Ne4 47. Bc2 Nc3 48. Bb3 a4 49. Bc2 b3 0-1

[Event "Karpacz op-A 6th"]
[Site "Karpacz"]
[Date "2013.02.24"]
[Round "9"]
[White "Sergeev, Vladimir"]
[Black "Koitka, Jakub"]
[Result "0-1"]
[WhiteElo "2469"]
[BlackElo "2007"]
[PlyCount "186"]
[EventDate "2013.02.16"]
[EventType "swiss"]
[EventRounds "9"]
[EventCountry "POL"]
[SourceTitle "CBM 153 Extra"]
[Source "ChessBase"]
[SourceDate "2013.04.22"]
[SourceVersion "1"]
[SourceVersionDate "2013.04.22"]
[SourceQuality "1"]

1. d4 Nf6 2. Nf3 g6 3. c4 Bg7 4. Nc3 0-0 5. Bg5 h6 6. Bh4 c5 7. e3 d6 8. Be2 Bf5 9. d5 Qb6 10. Qb3 Qxb3 11. axb3 g5 12. Bg3 Ne4 13. Rc1 Na6 14. Nd2 Nxg3 15. hxg3 Nb4 16. g4 Bg6 17. e4 a6 18. g3 e6 19. Kf1 Rae8 20. Kg2 f5 21. dxe6 fxe4 22. Ndxe4 Rxe6 23. f3 Rfe8 24. Rcd1 Nc2 25. Rxd6 Bxc3 26. Rxe6 Rxe6 27. bxc3 Ne3+ 28. Kh3 Bxe4 29. fxe4 Rxe4 30. Bf3 Re7 31. Ra1 Kg7 32. Re1 a5 33. Re2 b6 34. Rd2 Kf6 35. Rd8 Ke5 36. Be2 Re6 37. Kh2 Rd6 38. Re8+ Re6 39. Ra8 Kd6 40. Kg1 Nc2 41. Kf2 Rf6+ 42. Kg1 Ne1 43. Rd8+ Kc7 44. Rd5 Nf3+ 45. Kh1 Ne1 46. Rd1 Nc2 47. Rd2 Ne1 48. Rd1 Nc2 49. Kg1 Ne3 50. Rd2 Kb8 51. Rd3 Nc2 52. Bd1 Na3 53. Kg2 Kc7 54. Re3 Rd6 55. Bf3 Rd2+ 56. Kh3 a4 57. bxa4 Nxc4 58. Re7+ Rd7 59. Re8 Nd2 60. Be2 Rd6 61. Kg2 Rf6 62. Bb5 Nb1 63. Re7+ Kd6 64. Rd7+ Ke5 65. Re7+ Kd6 66. Re3 Kd5 67. Be2 Rd6 68. Kf2 Kc6 69. Ke1 Na3 70. Bf3+ Kc7 71. Re7+ Kd8 72. Rh7 Nb1 73. c4 Nc3 74. Ra7 Rd7 75. Ra6 Kc7 76. a5 bxa5 77. Rc6+ Kd8 78. Rxc5 a4 79. Ra5 Rd3 80. Kf2 a3 81. c5 a2 82. Ra7 Rd4 83. Ra8+ Ke7 84. Ra7+ Kf6 85. c6 Ra4 86. c7 a1Q 87. c8Q Qb2+ 88. Ke3 Qc1+ 89. Kf2 Qd2+ 90. Kg1 Qe3+ 91. Kg2 Rxa7 92. Qf8+ Rf7 93. Qh8+ Ke7 0-1

[Event "Karpacz op-A 6th"]
[Site "Karpacz"]
[Date "2013.02.23"]
[Round "8"]
[White "Koitka, Jakub"]
[Black "Piotrowski, Przemyslaw"]
[Result "1/2-1/2"]
[WhiteElo "2007"]
[BlackElo "1996"]
[PlyCount "121"]
[EventDate "2013.02.16"]
[EventType "swiss"]
[EventRounds "9"]
[EventCountry "POL"]
[SourceTitle "CBM 153 Extra"]
[Source "ChessBase"]
[SourceDate "2013.04.22"]
[SourceVersion "1"]
[SourceVersionDate "2013.04.22"]
[SourceQuality "1"]

1. d4 Nf6 2. c4 g6 3. Nc3 Bg7 4. e4 d6 5. f3 0-0 6. Be3 Nbd7 7. Qd2 e5 8. d5 a5 9. Bd3 Nh5 10. Nge2 f5 11. 0-0-0 a4 12. Bc2 a3 13. b4 b6 14. Kb1 Nf4 15. Nc1 Ba6 16. Bb3 Qf6 17. Ba4 Rfd8 18. g3 Nh3 19. Qg2 Ng5 20. h4 Nf7 21. Bxd7 Rxd7 22. b5 Bb7 23. g4 f4 24. Bd2 h5 25. g5 Qe7 26. Nd3 Rdd8 27. Nb4 Ra7 28. Kc2 Rda8 29. Kd3 Nd8 30. Ke2 Bc8 31. Kf1 Bd7 32. Qe2 Nb7 33. Nc6 Bxc6 34. bxc6 Nc5 35. Kg2 Qd8 36. Nb5 Ra4 37. Rb1 Bf8 38. Bb4 Be7 39. Nc3 R4a6 40. Bxc5 dxc5 41. Rhd1 Bd6 42. Kh2 Kf8 43. Qg2 Qc8 44. Qh3 Qxh3+ 45. Kxh3 Ke7 46. Rb3 Kd8 47. Rd3 Kc8 48. Nb5 Ra4 49. Nxd6+ cxd6 50. Rxb6 Rb4 51. Rxb4 cxb4 52. Rb3 Ra4 53. Kg2 Kc7 54. Kf2 Kb6 55. Ke2 Kc5 56. Kd3 Ra7 57. Rb1 Rc7 58. Rc1 Rc8 59. Kc2 Rc7 60. Kb3 Ra7 61. Rb1 1/2-1/2

[Event "POL-ch U16"]
[Site "Szczyrk"]
[Date "2013.??.??"]
[Round "1"]
[White "Drop, Szymon"]
[Black "Koitka, Jakub"]
[Result "0-1"]
[WhiteElo "1818"]
[BlackElo "2007"]
[PlyCount "120"]
[EventDate "2013.03.17"]
[EventType "swiss"]
[EventRounds "9"]
[EventCountry "POL"]
[SourceTitle "CBM 153 Extra"]
[Source "ChessBase"]
[SourceDate "2013.04.22"]
[SourceVersion "1"]
[SourceVersionDate "2013.04.22"]
[SourceQuality "1"]

1. e4 c5 2. Nf3 Nc6 3. d4 cxd4 4. Nxd4 Nf6 5. Nc3 d6 6. Be2 g6 7. Nb3 Bg7 8. 0-0 0-0 9. Bg5 Be6 10. f4 Qc8 11. Bf3 Rd8 12. Nd5 Bxd5 13. exd5 Na5 14. Nxa5 Qc5+ 15. Kh1 Qxa5 16. Re1 Re8 17. c3 Rac8 18. Qd3 h6 19. Bh4 Qa4 20. g3 Qc4 21. Qxc4 Rxc4 22. Kg2 Kf8 23. Rad1 Nd7 24. Be2 Rc5 25. g4 a6 26. Bf2 Rc7 27. Bd3 Bf6 28. Re2 g5 29. Be3 Kg7 30. Bf5 Nc5 31. fxg5 hxg5 32. Bxc5 Rxc5 33. Rd3 b5 34. a3 a5 35. Bd7 Rb8 36. Bf5 b4 37. axb4 axb4 38. cxb4 Rxb4 39. b3 Rc1 40. h3 Rb1 41. Ree3 Rb2+ 42. Kf1 Rb5 43. Bd7 Rc5 44. Re2 Rc1+ 45. Kf2 Rbb1 46. Ke3 Rh1 47. Ke4 Rbf1 48. Rde3 Rf4+ 49. Kd3 Rd4+ 50. Kc2 Rxd5 51. b4 Rd4 52. b5 Rb4 53. Rb3 Rc1+ 54. Kxc1 Rxb3 55. Re4 d5 56. Ra4 d4 57. Kc2 Rc3+ 58. Kd2 Be5 59. Rb4 Bf4+ 60. Kd1 d3 0-1

[Event "Rewal op-A 17th"]
[Site "Rewal"]
[Date "2012.08.22"]
[Round "2"]
[White "Koitka, Jakub"]
[Black "Janus, Przemyslaw"]
[Result "0-1"]
[WhiteElo "1973"]
[BlackElo "2149"]
[PlyCount "102"]
[EventDate "2012.08.20"]
[EventType "swiss"]
[EventRounds "9"]
[EventCountry "POL"]
[SourceTitle "CBM 150 Extra"]
[Source "ChessBase"]
[SourceDate "2012.10.19"]
[SourceVersion "1"]
[SourceVersionDate "2012.10.19"]
[SourceQuality "1"]

1. d4 d5 2. c4 dxc4 3. Nf3 Nf6 4. e3 e6 5. Bxc4 a6 6. a4 Be7 7. 0-0 0-0 8. Nc3 c5 9. e4 cxd4 10. Nxd4 e5 11. Nf3 Nc6 12. Be3 Bg4 13. Qxd8 Raxd8 14. Bb6 Rc8 15. Nd5 Nd7 16. Rac1 Bxf3 17. gxf3 Nxb6 18. Nxb6 Rcd8 19. Bxa6 Nd4 20. Bxb7 Rb8 21. Nd7 Rxb7 22. Nxf8 Ne2+ 23. Kg2 Nxc1 24. Rxc1 Bxf8 25. Rb1 Bb4 26. Kf1 f6 27. Ke2 Rd7 28. Rd1 Ra7 29. Ra1 Ba5 30. Kd3 Rb7 31. Kc2 Rb4 32. b3 Kf7 33. Rd1 Rb7 34. Rd5 Be1 35. Kb2 Ke6 36. Ka3 Bb4+ 37. Kb2 h5 38. h3 g5 39. Rd8 Ke7 40. Rd5 Bd6 41. Kc3 Kd7 42. Kc4 Kc6 43. a5 Rb4+ 44. Kc3 Rb5 45. Kc4 Rc5+ 46. Rxc5+ Bxc5 47. b4 Bxf2 48. b5+ Kd6 49. a6 h4 50. Kb4 Ba7 51. Kc4 Bc5 0-1

[Event "Rewal op-A 17th"]
[Site "Rewal"]
[Date "2012.08.21"]
[Round "1"]
[White "Musialkiewicz, Jan"]
[Black "Koitka, Jakub"]
[Result "0-1"]
[WhiteElo "2231"]
[BlackElo "1973"]
[PlyCount "80"]
[EventDate "2012.08.20"]
[EventType "swiss"]
[EventRounds "9"]
[EventCountry "POL"]
[SourceTitle "CBM 150 Extra"]
[Source "ChessBase"]
[SourceDate "2012.10.19"]
[SourceVersion "1"]
[SourceVersionDate "2012.10.19"]
[SourceQuality "1"]

1. e4 e5 2. Nf3 Nc6 3. Bb5 a6 4. Ba4 Nf6 5. 0-0 Be7 6. Bxc6 dxc6 7. d3 Bd6 8. h3 0-0 9. Nbd2 b5 10. b3 a5 11. Bb2 Qe7 12. d4 Nd7 13. c4 Ba3 14. Bxa3 Qxa3 15. Nxe5 Nxe5 16. dxe5 Be6 17. Qc2 a4 18. Rac1 b4 19. f4 axb3 20. axb3 Qa2 21. Qd1 Qb2 22. Rc2 Qd4+ 23. Kh1 Rfd8 24. Qc1 Qd3 25. f5 Bc8 26. Re1 Ra1 27. Nb1 Qg3 28. Rd1 Re8 29. Rcd2 h6 30. Rd8 Rxd8 31. Rxd8+ Kh7 32. Qc2 Qe1+ 33. Kh2 Rxb1 34. Rxc8 Qg1+ 35. Kg3 Rc1 36. Qd2 Rd1 37. Qe2 Re1 38. Qd2 Re3+ 39. Kg4 Rxe4+ 40. Kf3 Rxe5 0-1

[Event "POL-chT U19 43th"]
[Site "Suchedniow"]
[Date "2012.07.??"]
[Round "5"]
[White "Koitka, Jakub"]
[Black "Kowalski, Maciej"]
[Result "1-0"]
[WhiteElo "1973"]
[BlackElo "1815"]
[PlyCount "65"]
[EventDate "2012.07.21"]
[EventType "team-tourn"]
[EventRounds "9"]
[EventCountry "POL"]
[SourceTitle "EXT 2014"]
[Source "ChessBase"]
[SourceDate "2013.11.20"]
[SourceVersion "1"]
[SourceVersionDate "2013.11.20"]
[SourceQuality "1"]
[WhiteTeam "Gorzow Wielkopolski Stilon U19"]
[BlackTeam "Grzybowo GKSz Solny U19"]
[WhiteTeamCountry "POL"]
[BlackTeamCountry "POL"]

1. d4 d5 2. c4 c6 3. cxd5 cxd5 4. Nc3 Nf6 5. Bf4 e6 6. Nf3 a6 7. e3 Be7 8. Bd3 0-0 9. 0-0 Nbd7 10. h3 b5 11. Nh2 Bb7 12. Ng4 Nxg4 13. hxg4 Re8 14. Bg3 Nf6 15. f4 Ne4 16. Bxe4 dxe4 17. f5 Bg5 18. Qe1 Qb6 19. Bh4 Qd8 20. f6 gxf6 21. Bxg5 fxg5 22. Ne2 Rf8 23. Qg3 f5 24. Rf2 Qf6 25. Raf1 Qg6 26. Qe5 Rae8 27. gxf5 exf5 28. Rxf5 Rxe5 29. Rxf8+ Kg7 30. dxe5 Bd5 31. Nd4 h6 32. R1f6 Qh5 33. Nf5+ 1-0

[Event "POL-chT U19 43th"]
[Site "Suchedniow"]
[Date "2012.07.??"]
[Round "4"]
[White "Stankiewicz, Pawel"]
[Black "Koitka, Jakub"]
[Result "0-1"]
[WhiteElo "2137"]
[BlackElo "1973"]
[PlyCount "92"]
[EventDate "2012.07.21"]
[EventType "team-tourn"]
[EventRounds "9"]
[EventCountry "POL"]
[SourceTitle "EXT 2014"]
[Source "ChessBase"]
[SourceDate "2013.11.20"]
[SourceVersion "1"]
[SourceVersionDate "2013.11.20"]
[SourceQuality "1"]
[WhiteTeam "Wroclaw KS Polonia U19"]
[BlackTeam "Gorzow Wielkopolski Stilon U19"]
[WhiteTeamCountry "POL"]
[BlackTeamCountry "POL"]

1. e4 e6 2. d3 b5 3. g3 Bb7 4. Bg2 Nf6 5. Nf3 d5 6. e5 Nfd7 7. 0-0 Be7 8. Nbd2 0-0 9. Re1 c5 10. h4 Nc6 11. Nf1 Qc7 12. Bf4 Rfc8 13. N1h2 c4 14. d4 c3 15. b3 b4 16. Ng4 a5 17. Ng5 Bxg5 18. hxg5 a4 19. Qd3 Ba6 20. Qe3 Bb5 21. g6 hxg6 22. Bxd5 Qb6 23. Bxc6 Bxc6 24. Rad1 Qb5 25. f3 axb3 26. axb3 Ra2 27. Rc1 Qd5 28. Rf1 Rca8 29. Kg2 Qxb3 30. Rf2 Qd5 31. Bh6 gxh6 32. Qxh6 Qxd4 33. Rh1 Bxf3+ 34. Rxf3 Rxc2+ 35. Nf2 Rxf2+ 36. Rxf2 Qe4+ 37. Kg1 Ra1+ 38. Rf1 Rxf1+ 39. Kxf1 Qxe5 40. Rh2 b3 41. Qh7+ Kf8 42. Rf2 Nf6 43. Qh8+ Ke7 44. Qh4 b2 45. Qb4+ Qd6 46. Qb7+ Nd7 0-1

[Event "EU-ch U14"]
[Site "Albena"]
[Date "2011.09.18"]
[Round "7"]
[White "Koitka, Jakub"]
[Black "Lampert, Jonas"]
[Result "1/2-1/2"]
[WhiteElo "1916"]
[BlackElo "2188"]
[PlyCount "106"]
[EventDate "2011.09.11"]
[EventType "swiss"]
[EventRounds "9"]
[EventCountry "BUL"]
[SourceTitle "CBM 144 Extra"]
[Source "ChessBase"]
[SourceDate "2011.10.28"]
[SourceVersion "1"]
[SourceVersionDate "2011.10.28"]
[SourceQuality "1"]

1. e4 e5 2. Nf3 Nf6 3. Nxe5 d6 4. Nf3 Nxe4 5. d4 d5 6. Bd3 Nc6 7. 0-0 Be7 8. c4 Nb4 9. Nc3 Nxc3 10. bxc3 Nxd3 11. Qxd3 Be6 12. c5 0-0 13. a4 b6 14. Be3 f6 15. Nd2 Qd7 16. Nb3 a5 17. Nc1 Bf5 18. Qd2 Qc6 19. Nb3 Rfb8 20. Qe2 b5 21. axb5 Qxb5 22. Nc1 a4 23. Qxb5 Rxb5 24. Na2 Bd3 25. Rfe1 Kf7 26. Nb4 Bc4 27. Bc1 Bf8 28. Ba3 Rbb8 29. f4 Re8 30. Kf2 g6 31. g3 h5 32. h3 Bh6 33. Rxe8 Rxe8 34. Re1 Rxe1 35. Kxe1 h4 36. Kf2 Ke6 37. Nc6 hxg3+ 38. Kxg3 Bb5 39. Na7 Be8 40. Kg4 Bf8 41. Bb2 Bd7 42. c6 Be8 43. Nb5 Bxc6 44. Nxc7+ Kd7 45. Na6 Bb7 46. Nc5+ Bxc5 47. dxc5 Kc6 48. Ba3 Kb5 49. h4 Kc4 50. f5 Bc8 51. Kf4 Bxf5 52. h5 Kb5 53. h6 Bb1 1/2-1/2